000 00672nam a22002297a 4500
003 OSt
005 20180130181316.0
008 180119b xxu||||| |||| 00| 0 eng d
020 _a978-1-60255-217-3
040 _aBMC
_cBMC
082 _a809.1
100 1 _942131
_aDekker, Ted
245 1 0 _aRojo
_b: el rescate heroico
_cTed Dekker; [traducción, Ricardo y Mirta Acosta]
260 _aTennesse
_bGrupo Nelson
_ccop. 2009
300 _aX, 387 p.
_c24 cm
490 _aDekker-Fantasía
_v2
546 _aTraducción de: Red
650 2 4 _917595
_aNovela norteamericana
700 1 _942132
_aAcosta, Ricardo‏
700 1 _942133
_aAcosta, Mirta‏
942 _2ddc
_cBK
999 _c28847
_d28847